000 00361nam a2200133Ia 4500
008 100328s9999 xx 000 0 und d
082 _b59073
100 _aशेख जहीर.
245 _aनार्सिसेस.
260 _bजाणीव.
630 _aनार्सिसेस.
730 _aनार्सिसेस.
942 _cBOOK
999 _c545338
_d545335